Movies Quiz

Random Movies or Hockey Quiz

Mighty Ducks Rosters Quiz Stats

 Plays Quiz not verified by Sporcle

Score 0/43 Timer 06:00
0 Plays Today
Player Name % Correct
Adam Banks
91%
Adam Banks
91%
Adam Banks
91%
Greg Goldberg
90.4%
Greg Goldberg
90.4%
Greg Goldberg
90.4%
Gordon Bombay
88.2%
Gordon Bombay
88.2%
Gordon Bombay
88.2%
Charley 'Spazway' Conway
86.6%
Charley 'Spazway' Conway
86.6%
Charley 'Spazway' Conway
86.6%
Fulton Reed
78%
Fulton Reed
78%
Fulton Reed
78%
Lester Averman
76.4%
Lester Averman
76.4%
Lester Averman
76.4%
Dean Portman
73.9%
Dean Portman
73.9%
Ken Wu
71.7%
Ken Wu
71.7%
Player Name % Correct
Jesse Hall
70.2%
Jesse Hall
70.2%
Terry Hall
69.6%
Julie “The Cat” Gaffney
67.7%
Luis Mendoza
67.7%
Julie “The Cat” Gaffney
67.7%
Luis Mendoza
67.7%
Guy Germaine
67.4%
Guy Germaine
67.4%
Guy Germaine
67.4%
Russ Tyler
64.3%
Russ Tyler
64.3%
Connie Moreau
59.3%
Connie Moreau
59.3%
Connie Moreau
59.3%
Dwayne Robertson
58.1%
Dwayne Robertson
58.1%
Dave Karp
55%
Tommy Duncan
47.8%
Tammy Duncan
47.8%
Peter Mark
39.8%

You're not logged in!

Compare scores with friends on all Sporcle quizzes.
OR
Log In

Show Comments

Extras

Top Quizzes Today


Score Distribution

Your Account Isn't Verified!

In order to create a playlist on Sporcle, you need to verify the email address you used during registration. Go to your Sporcle Settings to finish the process.

Report this User

Report this user for behavior that violates our Community Guidelines.

Details: